| 000 | 00405nam a22001697a 4500 | ||
|---|---|---|---|
| 003 | MPLRDC | ||
| 005 | 20220104123815.0 | ||
| 008 | 210129b ||||| |||| 00| 0 eng d | ||
| 020 | _a962-257-452-1 | ||
| 082 | _a856.9 LS | ||
| 100 | _a罗隼 | ||
| 245 |
_a罗隼短调 _c |
||
| 260 |
_a _b天地图书有限公司 _c1991 |
||
| 300 | _b平 | ||
| 650 | _a函牍及杂著--杂项 | ||
| 942 |
_cBK _o856.9 LS |
||
| 999 |
_c14350 _d14340 |
||